Strategic management : an integrative perspective

Αποθηκεύτηκε σε:
Λεπτομέρειες βιβλιογραφικής εγγραφής
Κύριος συγγραφέας: Hax, Arnoldo C.
Άλλοι συγγραφείς: Majluf, Nicolas S. 1945-
Μορφή: Βιβλίο
Γλώσσα:English
Δημοσίευση: Englewood Cliffs, N.J : Prentice-Hall, c1984
Θέματα:
Ετικέτες: Προσθήκη ετικέτας
Δεν υπάρχουν, Καταχωρήστε ετικέτα πρώτοι!

MARC

LEADER 00000nam a2200000 i 4500
001 1/63655
008 941103s1984 eng d
020 |a 0-13-851676-6 
035 |a 1991  |l 10046826 
040 |a GR-MY-UA  |b gre  |e aacr 
041 0 |a eng 
082 0 |a 658.4012 
100 1 |a Hax, Arnoldo C. 
245 1 0 |a Strategic management :  |b an integrative perspective /  |c Arnoldo C. Hax, Nicolas S. Majluf 
260 |a Englewood Cliffs, N.J :   |b Prentice-Hall,   |c c1984 
300 |a 468 σ.;  |c 24 εκ. 
500 |a Περιέχει βιβλιογραφικές αναφορές και ευρετήριο 
650 0 0 |a Business planning. 
650 0 0 |a Management. 
700 1 |a Majluf, Nicolas S.  |d 1945- 
852 |a INST  |b SAMOS  |e 19941103  |h 658.4012 HAX  |p 005300003501  |q 005300003501  |t BK  |y 0 
909 |a Σ  |b 021110